| 000 | 00470nam a22001697a 4500 | ||
|---|---|---|---|
| 003 | SGT | ||
| 020 | _a9781260025941 | ||
| 082 |
_a616.025 _bT23P |
||
| 100 | _aPROMES, SUSAN B. | ||
| 245 | _aTINTINALLI'S EMERGENCY MEDICINE EXAMINATION & BOARD REVIEW | ||
| 250 | _a3RD | ||
| 260 |
_aNEW YORK _bMC GRAW HILL PUB _c2023 |
||
| 300 | _a314 | ||
| 650 | _a EMERGENCY MEDICINE | ||
| 653 | _aTINTINALLI'S EMERGENCY MEDICINE EXAMINATION & BOARD REVIEW | ||
| 942 |
_2ddc _cBK |
||
| 999 |
_c30846 _d30846 |
||